Signers of the U.S. Declaration of Independence - Statistics

General Stats
  • This quiz has been taken 50 times
  • The average score is 6 of 14
Answers on the Grid
Answers color-coded by a green-red scale on the quiz's grid according to % correct below.
John Adams
Sam Adams
Josiah Bartlett
Aaron Burr
Sam Chase
Lord Fairfax
Benjamin Franklin
Alexander Hamilton
John Hancock
Benjamin Harrison
William Hooper
John Jay
Thomas Jefferson
Francis Lightfoot Lee
James Madison
George Mason
Robert Morris
Edward Rutledge
George Washington
William Whipple
George Wythe
 
Answer Stats
Answer % Correct
John Adams
88%
John Hancock
73%
Benjamin Franklin
64%
Thomas Jefferson
61%
Sam Adams
42%
Josiah Bartlett
36%
Edward Rutledge
30%
Sam Chase
27%
William Whipple
27%
Francis Lightfoot Lee
24%
Robert Morris
24%
William Hooper
24%
George Wythe
21%
Benjamin Harrison
15%
No matching quizzes found
Score Distribution
Percent of People with Each Score
Percentile by Number Answered
Your Score History
You have not taken this quiz